Loading...
| Fine Arts - Classical Music | 0 | 7 | 1 | 2 | 65 | 53 | 85.43 | 1 | 1 | 17.18 | 28.03 |
| Fine Arts - Other | 0 | 6 | 0 | 0 | 60 | 20 | 72.67 | 2 | 3 | 19.44 | 31.31 |
| Science - Physics | 0 | 6 | 1 | 3 | 55 | 42 | 93.67 | 0 | 0 | 6.71 | 14.39 |
| Science - Other | 0 | 6 | 1 | 1 | 55 | 58 | 80.67 | 0 | 4 | 15.92 | 30.68 |
| Literature - British | 0 | 5 | 0 | 0 | 50 | 65 | 85.80 | 0 | 1 | 11.04 | 23.11 |
| Mythology | 0 | 5 | 0 | 1 | 50 | 47 | 80.40 | 1 | 1 | 13.32 | 23.23 |
| Religion | 0 | 5 | 0 | 3 | 50 | 66 | 91.40 | 0 | 1 | 8.99 | 16.92 |
| History - Other | 0 | 4 | 0 | 2 | 40 | 11 | 72.50 | 1 | 1 | 12.82 | 20.45 |
| Fine Arts - Painting and Sculpture | 0 | 4 | 0 | 1 | 40 | 53 | 90.00 | 0 | 1 | 7.42 | 17.05 |
| History - American | 0 | 3 | 0 | 1 | 30 | 43 | 73.00 | 0 | 2 | 8.89 | 13.38 |
| History - European | 0 | 3 | 0 | 1 | 30 | 43 | 62.67 | 0 | 0 | 10.73 | 8.59 |
| Literature - European | 0 | 3 | 0 | 2 | 30 | 52 | 95.33 | 0 | 1 | 5.73 | 13.13 |
| Literature - World | 0 | 3 | 0 | 1 | 30 | 82 | 89.33 | 0 | 0 | 6.03 | 10.23 |
| Philosophy | 0 | 3 | 0 | 0 | 30 | 67 | 86.67 | 0 | 0 | 5.36 | 6.79 |
| Science - Biology | 0 | 3 | 0 | 2 | 30 | 77 | 86.33 | 0 | 1 | 3.77 | 9.09 |
| Science - Chemistry | 0 | 3 | 0 | 1 | 30 | 90 | 97.33 | 0 | 1 | 1.07 | 11.36 |
| Popular Culture | 0 | 2 | 0 | 0 | 20 | 38 | 47.50 | 0 | 1 | 18.94 | 23.38 |
| History - World | 0 | 1 | 0 | 0 | 10 | 41 | 41.00 | 0 | 1 | 5.64 | 7.95 |
| Geography | 0 | 1 | 0 | 0 | 10 | 70 | 70.00 | 0 | 1 | 5.12 | 12.50 |
| Literature - American | 0 | 1 | 0 | 0 | 10 | 123 | 123.00 | 0 | 0 | 0.36 | 1.14 |